LIBRARY & INFORMATION CENTRE, KCAET, TAVANUR

ONLINE PUBLIC ACCESS CATALOGUE (OPAC)

Television simplified / (Record no. 8973)

MARC details
000 -LEADER
fixed length control field 00392cam a2200157ua 4500
003 - CONTROL NUMBER IDENTIFIER
control field OSt
008 - FIXED-LENGTH DATA ELEMENTS--GENERAL INFORMATION
fixed length control field 250108b |||||||| |||| 00| 0 eng d
041 ## - LANGUAGE CODE
Language code of text/sound track or separate title eng
082 ## - DEWEY DECIMAL CLASSIFICATION NUMBER
Classification number 621.388
Item number KIV/TE
100 ## - MAIN ENTRY--AUTHOR NAME
Personal name Kiver, Milton S .
245 ## - TITLE STATEMENT
Title Television simplified /
250 ## - EDITION STATEMENT
Edition statement 7 /
260 ## - PUBLICATION, DISTRIBUTION, ETC. (IMPRINT)
Place of publication Madras :
Name of publisher Affiliated East West Press Pvt Ltd ,
Year of publication 1973.
300 ## - PHYSICAL DESCRIPTION
Number of Pages 616 ; .
942 ## - ADDED ENTRY ELEMENTS (KOHA)
Koha item type Books
Holdings
Withdrawn status Lost status Damaged status Home library Current library Date acquired Full call number Accession Number Koha item type
      KAUAET KAUAET 07/04/2012 621.388 KIV/TE 14700 Books
free website counter